Sporten op de olympische spelen 2024 - Statistieken

Algemene statistieken
  • Deze quiz is 98 keer genomen
  • De gemiddelde score is 21 van 46
Antwoordstatistieken
Antwoord % Correct
Voetbal
96%
Wedstrijd zwemmen
94%
Atletiek
88%
Basketbal
84%
Hockey
75%
Paardensport springen
75%
Wielrennen
72%
Tennis
71%
Judo
69%
Turnen
68%
Handbal
66%
Zaalvolleybal
66%
Paardensport dressuur
60%
Tafeltennis
59%
Roeien
54%
Skateboarden
53%
Boksen
50%
Boogschieten
50%
Breaking
50%
Paardensport eventing
50%
Schermen
50%
Schieten
47%
Waterpolo
46%
Rugby sevens
44%
Badminton
43%
Surfen
43%
Zeilen
43%
Baanwielrennen
37%
Beachvolleybal
37%
Klimmen
37%
Synchroonzwemmen
37%
Schoonspringen
35%
Golf
34%
Triathlon
34%
Worstelen Grieks-Romeins
34%
Worstelen Vrije stijl
34%
BMX Freestyle
26%
BMX Race
26%
3x3 basketbal
25%
Trampoline
21%
Mountainbiken
19%
Kanovaren Slalom
10%
Kanovaren Sprint
10%
Moderne vijfkamp
10%
Ritmische gymnastiek
9%
Teakwondo
6%
Geen overeenkomende quizzen gevonden
Scoreverdeling
Procent van Mensen met Elke Score
Percentiel versus Aantal Correcte Antwoorden
Uw Scoregeschiedenis
U heeft deze quiz nog niet genomen